Effectif FC Barcelone (2024-2025) - Statistiques

Statistiques générales
  • Ce quiz a été pris 81 fois
  • Le résultat moyen est 23 sur 30
Statistiques - réponses
Indice Réponse % Correct
DD Jules Kounde
97%
G Marc-André Ter-Stegen
96%
AG Raphinha
96%
BU Robert Lewandowski
96%
MC Pedri
94%
MC Gavi
93%
AD Lamine Yamal
93%
DC Ronald Araujo
93%
Entraîneur Hansi Flick
91%
DC Pau Cubarsi
91%
DG Alejandro Balde
90%
MC Frenkie de Jong
88%
MOC Dani Olmo
84%
AG Ferran Torres
82%
MOC Pablo Torre
82%
G Iñaki Peña
79%
DG Gerard Martin
78%
DC Iñigo Martinez
78%
DC Andreas Christensen
75%
G Wojciech Szczesny
75%
MOC Fermin
73%
MDC Marc Casado
72%
AG Ansu Fati
70%
DC Eric Garcia
70%
DD Hector Fort
70%
MDC Marc Bernal
55%
BU Pau Victor
52%
AD Toni Fernández
31%
DC Sergi Dominguez
27%
DC Andres Cuenca
16%
Aucun quiz correspondant
Distribution des résultats
% des personnes avec chaque résultat
Percentile par nombre de réponses
Votre historique - résultats
Vous n’avez pas pris ce quiz